000 00485nam a2200157Ia 4500
008 190805s9999||||xx |||||||||||||| ||und||
020 _a9781906915476
_c£ 35.00
082 0 4 _a387.16
_bJ7101
100 1 _aJones, Steven
245 1 0 _aMaritime Security handbook: stowaways by sea /
_cSteven Jones
260 _aLondon :
_bThe Nautical Institute,
_c2014, reprinted 2016
300 _aiv, 74 p.
_b : col. Ill.
_c; 21 cm.
650 0 _aStowaways
942 _cBK
999 _c125
_d125